| 000 | 01244 am a2200313ua 4500 | ||
|---|---|---|---|
| 001 | 012590064 | ||
| 003 | OSt | ||
| 005 | 20150408113954.0 | ||
| 008 | 111204r19961894enkac || 000 1|eng | ||
| 010 | _a96016580 | ||
| 015 |
_aGB9728855 _2bnb |
||
| 020 | _a9780199733491 | ||
| 040 |
_aDLC _cDLC _dUk |
||
| 082 | 0 | 4 |
_a823.4 T M T _221 |
| 100 | 1 |
_aTwain, Mark, _d1835-1910. |
|
| 240 | 1 | 0 | _aPudd'nhead Wilson |
| 245 | 1 | 4 |
_aThe tragedy of Pudd'nhead Wilson and the comedy, Those extraordinary twins / _cMark Twain ; foreword, Shelley Fisher Fishkin ; introduction, Sherley Anne Williams ; afterword, David Lionel Smith. |
| 260 |
_aNew York ; _aOxford : _bOxford University Press, _c1996. |
||
| 300 |
_axliii, 36, 432p. : _bill., ports. ; _c23cm. |
||
| 490 | 0 | _aThe Oxford Mark Twain | |
| 500 | _aFacsim of ed. published: Hartford, Conn. : American Publishing Company, 1894. | ||
| 650 | 0 |
_aSlaves _zUnited States _xFiction. _97195 |
|
| 650 | 0 |
_aTrials (Murder) _zMissouri _xFiction. _97196 |
|
| 650 | 0 |
_aConjoined twins _xFiction. _97014 |
|
| 650 | 0 |
_aImpostors and imposture _zMissouri _xFiction. _97197 |
|
| 700 | 1 |
_aTwain, Mark, _d1835-1910. _tThose extraordinary twins. |
|
| 942 |
_2ddc _cDVD |
||
| 999 |
_c19233 _d253733 |
||